Daňové aspekty cezhraničných fúzií

Legislatívna úprava základných princípov zdaňovania cezhraničných fúzií v Smernici Rady 90/434/EHS. Daňové metódy zlúčenia. Ilustratívny príklad zlúčenia.

Gespeichert in:
Bibliographische Detailangaben
1. Verfasser: Bikár, Miloš, 1973-
Format: Buchkapitel
Sprache:Slowakisch
Schlagworte:
Tags: Tag hinzufügen
Keine Tags, Fügen Sie das erste Tag hinzu!

MARC

LEADER 00000naa$a2200000$$$4500
001 0181110
005 20240502073112.8
041 0 |a slo 
044 |a SK 
245 1 0 |a Daňové aspekty cezhraničných fúzií  |c Miloš Bikár 
520 |a Legislatívna úprava základných princípov zdaňovania cezhraničných fúzií v Smernici Rady 90/434/EHS. Daňové metódy zlúčenia. Ilustratívny príklad zlúčenia. 
610 2 0 |a fúzie 
610 2 0 |a firmy 
610 2 0 |a dane 
610 2 0 |a zdaňovanie 
610 2 0 |a spoločnosti dcérske 
610 2 0 |a podnikanie 
610 2 0 |a legislatíva 
100 1 |a Bikár, Miloš, 1973-